Обработка рельефной деревянной поверхности; Современные техника и технологии; Т. 1

Dades bibliogràfiques
Parent link:Современные техника и технологии: X Юбилейная международная научно-практическая конференция студентов, аспирантов и молодых ученых, посвященная 400-летию г. Томска, Томск, 29 марта - 2 апреля 2004 г./ Томский политехнический университет.— , 2004
Т. 1.— 2004.— С. 192-194
Autor principal: Подзорова Е. А. Елена Анатольевна
Altres autors: Соколов А. П. Александр Петрович
Idioma:rus
Publicat: 2004
Matèries:
Format: MixedMaterials Capítol de llibre
KOHA link:https://koha.lib.tpu.ru/cgi-bin/koha/opac-detail.pl?biblionumber=183210

MARC

LEADER 00000naa2a2200000 4500
001 183210
005 20251205111123.0
035 |a (RuTPU)RU\TPU\book\198592 
090 |a 183210 
100 |a 20100705d2004 k y0rusy50 ca 
101 0 |a rus 
102 |a RU 
200 1 |a Обработка рельефной деревянной поверхности  |f Е. А. Подзорова, А. П. Соколов 
320 |a Библиогр.: 5 назв. 
461 1 |0 (RuTPU)RU\TPU\book\66154  |t Современные техника и технологии  |o X Юбилейная международная научно-практическая конференция студентов, аспирантов и молодых ученых, посвященная 400-летию г. Томска, Томск, 29 марта - 2 апреля 2004 г.  |o труды  |f Томский политехнический университет  |d 2004 
463 0 |0 (RuTPU)RU\TPU\book\65882  |t Т. 1  |v С. 192-194  |d 2004 
610 1 |a деревянные детали 
610 1 |a поверхности 
610 1 |a рельефы 
610 1 |a обработка 
610 1 |a шлифовальные ленты 
610 1 |a труды учёных ТПУ 
700 1 |a Подзорова  |b Е. А.  |c экономист  |c старший преподаватель Юргинского технологического института Томского политехнического университета  |f 1971-  |g Елена Анатольевна  |3 (RuTPU)RU\TPU\pers\32578  |9 16499 
701 1 |a Соколов  |b А. П.  |c специалист в области машиностроения  |c доцент Томского политехнического университета, кандидат технических наук  |f 1956-  |g Александр Петрович  |3 (RuTPU)RU\TPU\pers\26503  |9 12205 
801 1 |a RU  |b 63413507  |c 20100705 
801 2 |a RU  |b 63413507  |c 20160517  |g RCR 
942 |c BK